Normal view MARC view
  • Hammerton, J.A.

Entry Personal Name

Number of records used in: 2

001 - CONTROL NUMBER

  • control field: 11336

003 - CONTROL NUMBER IDENTIFIER

  • control field: NUST

005 - DATE AND TIME OF LATEST TRANSACTION

  • control field: 20180702044327.0

008 - FIXED-LENGTH DATA ELEMENTS

  • fixed length control field: 180702|| aca||aabn | a|a d

040 ## - CATALOGING SOURCE

  • Original cataloging agency: NUST
  • Transcribing agency: NUST

100 ## - HEADING--PERSONAL NAME

  • Personal name: Hammerton, J.A.

670 ## - SOURCE DATA FOUND

  • Source citation: Work cat.: (NUST)48244: Hammerton, J.A., 53 French masters:
© 2023 Central Library, National University of Sciences and Technology. All Rights Reserved.